书目信息 |
| 题名: |
钢铁企业温室气体减排机会指南
|
|
| 作者: | 杨宏伟 , 郭敏晓 著 | |
| 分册: | ||
| 出版信息: | 北京 中国经济出版社 2019.12 |
|
| 页数: | 196页 | |
| 开本: | 24cm | |
| 丛书名: | 节能研究文库 | |
| 单 册: | ||
| 中图分类: | X511-62 | |
| 科图分类: | ||
| 主题词: | 钢铁企业--gang tie qi ye--温室效应--有害气体--节能减排--中国--指南 | |
| 电子资源: | ||
| ISBN: | 978-7-5136-5353-4 | |
| 000 | 01429nam 2200301 450 | |
| 001 | 202020141078 | |
| 005 | 20200926181358.0 | |
| 010 | @a978-7-5136-5353-4@dCNY78.00 | |
| 100 | @a20200919d2019 em y0chiy50 ea | |
| 101 | 0 | @achi |
| 102 | @aCN@b110000 | |
| 105 | @aa z 000yy | |
| 106 | @ar | |
| 200 | 1 | @a钢铁企业温室气体减排机会指南@Agang tie qi ye wen shi qi ti jian pai ji hui zhi nan@d= Opportunities and guidelines for steel enterprises to reduce greenhouse gas emissions@f杨宏伟, 郭敏晓著@zeng |
| 210 | @a北京@c中国经济出版社@d2019.12 | |
| 215 | @a196页@c图@d24cm | |
| 225 | 2 | @a节能研究文库@Ajie neng yan jiu wen ku |
| 300 | @a中国清洁发展机制基金赠款项目 | |
| 330 | @a本书详细介绍了钢铁企业温室气体排放量和减排量的核算方法, 阐释了钢铁企业碳元素流动的基本原理, 基于对国内外钢铁行业技术发展、能源利用和碳排放趋势分析, 多角度探讨了钢铁企业温室气体减排机会, 提出了钢铁企业减排技术的一般性遴选方法及对应成本。 | |
| 410 | 0 | @12001 @a节能研究文库 |
| 510 | 1 | @aOpportunities and guidelines for steel enterprises to reduce greenhouse gas emissions@zeng |
| 512 | 1 | @a钢铁行业温室气体减排机会指南@Agang tie hang ye wen shi qi ti jian pai ji hui zhi nan |
| 606 | 0 | @a钢铁企业@Agang tie qi ye@x温室效应@x有害气体@x节能减排@y中国@j指南 |
| 690 | @aX511-62@v5 | |
| 701 | 0 | @a杨宏伟@Ayang hong wei@4著 |
| 701 | 0 | @a郭敏晓@Aguo min xiao@4著 |
| 801 | 0 | @aCN@c20200311 |
| 905 | @a河南城建学院图书馆@dX511-62@eY197 | |
| 钢铁企业温室气体减排机会指南= Opportunities and guidelines for steel enterprises to reduce greenhouse gas emissions/杨宏伟, 郭敏晓著.-北京:中国经济出版社,2019.12 |
| 196页:图;24cm.-(节能研究文库) |
| 中国清洁发展机制基金赠款项目 |
| ISBN 978-7-5136-5353-4:CNY78.00 |
| 本书详细介绍了钢铁企业温室气体排放量和减排量的核算方法, 阐释了钢铁企业碳元素流动的基本原理, 基于对国内外钢铁行业技术发展、能源利用和碳排放趋势分析, 多角度探讨了钢铁企业温室气体减排机会, 提出了钢铁企业减排技术的一般性遴选方法及对应成本。 |
| ● |
| 相关链接 |
|
|
|
正题名:钢铁企业温室气体减排机会指南
索取号:X511-62/Y197
 
预约/预借
| 序号 | 登录号 | 条形码 | 馆藏地/架位号 | 状态 | 备注 |
| 1 | 1491215 | 214912157 | 自科库501/501自科库 99排2列6层/ [索取号:X511-62/Y197] | 在馆 |